Mondes en développement

Enregistré dans:
Détails bibliographiques
Format: Publication en série
Langue:anglais
Publié: Liége Cairn.info
Tags: Ajouter un tag
Pas de tags, Soyez le premier à ajouter un tag!

MARC

LEADER 00000nas1a2200000 4500
001 0250526
005 20250701092134.9
022 |a 1782-1444 
022 |a 0302-3052 
041 0 |a eng 
044 |a BE 
245 1 0 |a Mondes en développement 
264 1 |a Liége  |b Cairn.info